Welcome to the Holygrace Academy Library

Please use search bar below to get started

15 MINUTE TALES (Record no. 8492)

MARC details
000 -LEADER
fixed length control field 00182nam a22000977a 4500
082 ## - DEWEY DECIMAL CLASSIFICATION NUMBER
Classification number 823
100 ## - MAIN ENTRY--AUTHOR NAME
Personal name ENID BLYTON
245 ## - TITLE STATEMENT
Title 15 MINUTE TALES
650 ## - SUBJECT ADDED ENTRY--TOPICAL TERM
Topical Term ENGLISH STORY
942 ## - ADDED ENTRY ELEMENTS (KOHA)
Koha item type Books
Holdings
Withdrawn status Lost status Collection code Home library Current library Date acquired Full call number Accession Number Koha item type
Withdrawn Lost Fiction Main Library Main Library 02/03/2002 823 00035 Books